Statystyki dla Uniwersum Szkolnej 17

Kliknij tutaj aby rozwiązać quiz!

Ogólne statystyki

  • Ten quiz został rozwiązany 228 razy
  • Średni wynik to 7 z 10

Statystyki odpowiedzi

Postać, inneOdpowiedź% Poprawnych
W którym roku Krzysztof startował w wyborach?2006
100%
Współlokator, pasożyt (imię i nazwisko)Wojciech Suchodolski
98%
Jak nazywał się pies Krzysztofa?Nero
94%
Gdzie według widzów, Kononowicz trzymał zwłoki matkiStrych/Poddasze
90%
Jak nazywa się nowy współlokator na Szkolnej?Jan Łoś
80%
Kiedy Major się wyprowadzi?Nigdy
64%
Gdzie urodził się mexicano?Białystok
57%
Z jakiego klimatu pochodzi KononowiczWarmia
53%
Od kiedy mexicano został redaktorem na Szkolnej? (miesiąc i rok)Styczeń 2017
19%
W którym miesiącu przybył na szkolną?W marcu
19%

Rozkład punktacji

Percentyl według liczby udzielonych odpowiedzi

Procent ludzi z każdym wynikiem

Twoja historia wyników

Nie rozwiązałeś tego quizu